El Ingenioso Hidalgo Don Quijote de la Mancha (Record no. 2247)

MARC details
000 -CABECERA
campo de control de longitud fija 02479nam a2200289 a 4500
001 - NÚMERO DE CONTROL
campo de control BRCA_2506
005 - FECHA Y HORA DE LA ÚLTIMA TRANSACCIÓN
campo de control 20190320203837.0
008 - DATOS DE LONGITUD FIJA--INFORMACIÓN GENERAL
campo de control de longitud fija 251108s1859----sp-a---###---#000-0#spa-u
041 ## - CÓDIGO DE LENGUA
Código de lengua del texto/banda sonora o título independiente spa
044 ## - CÓDIGO DEL PAÍS DE LA ENTIDAD EDITORA/PRODUCTORA
Código MARC del país sp
084 ## - OTRO NÚMERO DE CLASIFICACIÓN
Número de clasificación 146
Número de documento/Ítem .G673
-- 1859
100 1# - ENTRADA PRINCIPAL--NOMBRE DE PERSONA
Nombre de persona Cervantes Saavedra, Miguel de
Fechas asociadas al nombre 1547-1616
9 (RLIN) 213
245 10 - MENCIÓN DE TÍTULO
Título El Ingenioso Hidalgo Don Quijote de la Mancha
Mención de responsabilidad, etc. compuesto por Miguel de Cervantes Saavedra.
260 ## - PUBLICACIÓN, DISTRIBUCIÓN, ETC.
Lugar de publicación, distribución, etc. Barcelona
Nombre del editor, distribuidor, etc. Tomás Gorchs
Fecha de publicación, distribución, etc. 1859
300 ## - DESCRIPCIÓN FÍSICA
Extensión 2 v.
Otras características físicas il.
Dimensiones 45 cm.
Material acompañante/anejo 1 mapa
500 ## - NOTA GENERAL
Nota general Contenido : v 1. Primera parte. Retrato de Cervantes por L. Madrazo. Dedicatoria del editor. Dedicatoria del autor. Prólogo del autor. Versos preliminares. Variantes. Texto. -- v 2. Segunda parte. Dedicatoria del autor. Prólogo del autor. Variantes. Texto
500 ## - NOTA GENERAL
Nota general Edición : Dedicada a Cervantes
500 ## - NOTA GENERAL
Nota general Edición monumental, que honra a las prensas catalanas, la más suntuosa y de cuantas hasta entonces se habían publicado, impresa en magnífico papel, anchas márgenes y tipos hermosos y clarísmos, de gran valor tipográfico. Las iniciales con que empiezan los capítulos son finos y artísticos, grabados de Estebanillo y Moragas. Las 12 láminas, por el contrario, no aportan nada nuevo, sobre todo, si las comparamos con las de la edición de la Academia de 1780. El retrato de Cervantes, dibujado por L. Madrazo, es el mejor que había aparecido hasta aquel entonces. Podrá objetarse que la indumentaria no corresponde a la posición económica del autor, pero el busto y la expresión señaladamente intelectual y bonachón de su rostro merecen un aplauso. Contiene una Carta geográfica de los viajes de D. Quijote y 562 variantes. Tomando el editor por modelo la impresión de Cuesta de 1605, la comparó con las de 1608, 1668, 1780, 1797 (Pellicer), 1819 (Academia), y 1833 (Clemencín), respetando en los casos dudosos el texto primitivo, Gorchs sacó un texto bastante correcto y depurado. Sin embargo, sigue, como las demás ediciones de la época, confundiendo la segunda edición de Cuesta con la primera. Lindo ejemplar, encuadernado en semipiel Lúdovik Osterc
500 ## - NOTA GENERAL
Nota general QM130
650 14 - PUNTO DE ACCESO ADICIONAL DE MATERIA--TÉRMINO DE MATERIA
Término de materia o nombre geográfico como elemento de entrada Novela española
Subdivisión cronológica Época clásica, 1500-1700
9 (RLIN) 215
650 14 - PUNTO DE ACCESO ADICIONAL DE MATERIA--TÉRMINO DE MATERIA
Término de materia o nombre geográfico como elemento de entrada Literatura española
Subdivisión cronológica Época clásica, 1500-1700
9 (RLIN) 216
650 14 - PUNTO DE ACCESO ADICIONAL DE MATERIA--TÉRMINO DE MATERIA
Término de materia o nombre geográfico como elemento de entrada Novela española
Subdivisión cronológica Siglo XVII
9 (RLIN) 217
650 14 - PUNTO DE ACCESO ADICIONAL DE MATERIA--TÉRMINO DE MATERIA
Término de materia o nombre geográfico como elemento de entrada Don Quijote (Personaje ficticio)
Término indicativo de función/relación Novela
9 (RLIN) 218
740 0# - PUNTO DE ACCESO ADICIONAL--TÍTULO RELACIONADO O ANALÍTICO NO CONTROLADO
Título relacionado o analítico no controlado El Ingenioso Hidalgo Don Quijote de la Mancha
902 ## - CATALOGADOR
Iniciales QFM
942 ## - ELEMENTOS DE PUNTO DE ACCESO ADICIONAL (KOHA)
Fuente del sistema de clasificación o colocación Library of Congress Classification
Tipo de ítem Koha Libros
Holdings
Estado de retiro Estado de pérdida Estado dañado No para préstamo Localización permanente Ubicación/localización actual Fecha de adquisición Número de inventario Total de préstamos Signatura topográfica completa Código de barras Fecha visto por última vez Precio válido a partir de Tipo de ítem Koha
El ejemplar forma parte de la colección y puede ser consultado según las políticas vigentes.       Biblioteca del Museo Franz Mayer (Rogerio Casas-Alatriste) Biblioteca del Museo Franz Mayer (Rogerio Casas-Alatriste) 25/11/2008 QM130   146 .G673 1859 (QM130) 2503 22/03/2019 22/03/2019 Libros